000 00911nam a2200253Ia 4500
003 OSt
005 20221005105511.0
006 a|||||r|||| 00| 0
007 ta
008 221004b |||||||| |||| 00| 0 hin d
020 _a8175551399 (hbk)
_c650
024 _a97440
037 _b431/PBD, 06/02/2009, Pioneer Books Distributors
_cTextual
040 _aCRL
_cCRL
_bhin
041 _2hin
_ahin
082 _aV42.N9, 152P7
100 _aजैन, कैलाश चन्द
245 0 _aजापान का इतिहास
246 _aJāpān kā itihāsa
260 _aनई दिल्ली
_bयूनिवर्सिटी पब्लिकेशन भारत
_c2007
300 _a259पृ0
_ccm.
942 _hV42.N9, 152P7
_cTEXL
_2cc
999 _c1016024
_d1016024